Estados brasileiros com mais gado que gente - Sudden Death - Statistics

Estatísticas Gerais
  • Esse quiz foi jogado 167 vezes
  • A pontuação média é 4 de 11
Answers on the Grid
Answers color-coded by a green-red scale on the quiz's grid according to % correct below.
Acre
Alagoas
Amapá
Amazonas
Bahia
Ceará
Distrito Federal
Espírito Santo
Goiás
Maranhão
Mato Grosso
Mato Grosso do Sul
Minas Gerais
Pará
Paraíba
Paraná
Pernambuco
Piauí
Rio de Janeiro
Rio Grande do Norte
Rio Grande do Sul
Rondônia
Roraima
Santa Catarina
São Paulo
Sergipe
Tocantins
 
Estatísticas das Respostas
Resposta % Correto
Mato Grosso
82%
Mato Grosso do Sul
78%
Goiás
60%
Rio Grande do Sul
40%
Tocantins
25%
Minas Gerais
24%
Rondônia
24%
Acre
20%
Pará
20%
Roraima
15%
Maranhão
4%
Nenhum quiz correspondente encontrado
Distribuição das Pontuações
Porcentagem de Pessoas com Cada Pontuação
Percentil de Números Respondidos
Sua Pontuação Histórica
Você não jogou esse quiz